Жанровые картины (Запис номер 210332)
[ съкратено ]
| 000 -Лидер | |
|---|---|
| Контролно поле с фиксирана дължина | 01164nkm a2200301 c 4500 |
| 003 - Код на организацията, давaща контролен номер | |
| Контролно поле | BLK |
| 005 - Дата и час на последна редакция | |
| Контролно поле | 20180421002029.0 |
| 008 - Елементи от данни с фиксирана дължина | |
| fixed length control field | 180412b bul rap|r|||| r0| ||bulo| |
| 010 ## - Наследен системен номер | |
| LC control number | KNG00163974000 |
| 020 ## - Международен стандартен номер на книга ISBN | |
| Международен стандартен номер на книга ISBN | 963-13-4633-4 |
| -- | издат.: Корвина |
| 040 ## - Източник на каталожния запис | |
| Идентификатор на билиотеката - собственик на записа | BLK |
| 041 ## - Код за език | |
| Код за езика на текст/звукозапис или на отделно заглавие | Руски |
| Код за езика КДБФ | Руски |
| 080 ## - УДК | |
| Текстов определител УДК | Обекти на художествено изображение |
| УДК код - определител по УДК | 75.04 |
| УДК определител | :069 |
| УДК - код + определител | 75.04:069 |
| 100 1# - Редна дума - Автор | |
| Автор | Шупка, Магдолна |
| Авторска отговорност | първи автор |
| R(LIN) | 144355 |
| 139 ## - Редно поле | |
| Редна дума | Шупка, Магдолна |
| Авторски знак | Шум - Ш 97 |
| 245 10 - Сведения за заглавието | |
| Заглавие | Жанровые картины |
| Подзаглавни данни | Венгерской национальной галереи |
| Редно поле (дума) | Магдолна Шупка. |
| 257 ## - Страна на издаване | |
| Страна на създаване/издаване | Унгария |
| 260 ## - Област на издателските данни | |
| -- | Будапешт |
| Име на издателя, разпространителя и проч. | Корвина |
| Година на издаване | 1974 |
| 300 ## - Физическа характеристика | |
| Страници | 30 с., 72 с. |
| Илюстрации и др. | ил. |
| Размери/Мащаб | 24 см |
| 380 ## - Жанр | |
| Жанр | Изкуство |
| 650 #4 - Допълнително описание по предмет – тема | |
| Основно описание – тема или топоним | Живопис - теми, образи, сюжети |
| 9 (RLIN) | 351437 |
| 653 ## - Ключова дума – ненормативна | |
| Ключова дума | сюжетна живопис |
| 852 ## - Местоположение | |
| Форматна сигнатура | Цб Гр А 1035 |
| 856 4# - Електронен адрес и достъп | |
| Електронен формат | pdf - файл |
| Път до файла /url/ | |
| 856 4# - Електронен адрес и достъп | |
| Електронен формат | pdf - файл |
| Път до файла /url/ | |
| 942 ## - АРТИКУЛИ | |
| Вид на библиотечния материал | Графични издания |
| Скрит в OPAC | Не |
| 944 ## - СЪЗДАВАНЕ И РЕДАКЦИЯ на ЗАПИСА | |
| Създаване/Редакция | Създаване |
| Дата на регистрацията/редакция | 08.08.2014 |
| Статус, дата на статуса | 08.08.2014 - от С1,Р / 08.08.2014 |
| Служител, извършил регистрацията/редакцията | Камелия_Данева |
| 944 ## - СЪЗДАВАНЕ И РЕДАКЦИЯ на ЗАПИСА | |
| Създаване/Редакция | Редакция |
| Дата на регистрацията/редакция | 08.08.2014 |
| Статус, дата на статуса | 08.08.2014 - от С1,Р / 08.08.2014 |
| Служител, извършил регистрацията/редакцията | |
| 999 ## - СИСТЕМНИ КОНТРОЛНИ НОМЕРА | |
| Koha biblionumber | 210332 |
| Koha biblioitemnumber | 210332 |
| Код за отписване | Код за изгубен артикул | Източник на класификационната схема | Код за повреда | Коз за рестрикции | Код за отдаване | Артикулен № | Име на библиотеката - собственик | Име на библиотеката, в която се намира в момента | Статус (Текущо местоположение) | Дата на вписване в системата | Местоположение - отдел | Цена в лева | Инвентарен номер | Систематично азбучна сигнатура | Баркод | Номер на екземпляра | Цена в евро | Служебна бележка | Служебен тип на артикула |
|---|---|---|---|---|---|---|---|---|---|---|---|---|---|---|---|---|---|---|---|
| Не е изгубен | Universal Decimal Classification | Не е повреден | без рестрикции | заемане за дома | 361883 | Регионална библиотека "Любен Каравелов" Русе | Регионална библиотека "Любен Каравелов" Русе | Отдел Изкуство - подръчен фонд | 1974-01-01 | Отдел Изкуство - подръчен фонд | 6.73 | 197890 | 75.04/Ш 97 | 120000197890 | 1 | 3.44 | Дост: Pk Вид: Ф N: стар фонд Дата: 01.01.1974 Дата инв: 04.06.2015 Бележки инв: ГрИ2015 | Графични издания |